| 000 | 00689nam a2200265Ia 4500 | ||
|---|---|---|---|
| 005 | 20260121172811.0 | ||
| 008 | 008 260114s9999 xx 000 0 eng d | ||
| 020 | _a9783030393304 | ||
| 037 | _aEBOOK | ||
| 040 | _aCRL | ||
| 040 | _beng | ||
| 040 | _cCRL | ||
| 041 | _2eng | ||
| 041 | _aeng | ||
| 084 | _qCRL | ||
| 100 |
_aLynda H. Powell, Kenneth E. Freedland, Peter G. Kaufmann _91092894 |
||
| 245 | 0 | _aBehavioral Clinical Trials for Chronic Diseases | |
| 260 | _bSpringer | ||
| 260 | _bSpringer | ||
| 260 | _c2021 | ||
| 856 | _uhttps://link.springer.com/openurl?genre=book&isbn=978-3-030-39330-4 | ||
| 942 | _cEBOOK | ||
| 999 |
_c1658635 _d1658635 |
||